000
00300nam a2200121Ia 4500
005
20251222144707.0
008
251222s9999||||xx |||||||||||||| ||spa||
082
_a
371.2/C82
100
_a
Cortez Berrocal, José Raúl
245
0
_a
Manual de Gestión Pedagógica:
264
_b
IPICAE
942
_c
LIB
999
_c
17684
_d
17684